Central Library OPAC University of Rajshahi

রকীব শাহ জীবন ও সাহিত্য / (Record no. 84992)

MARC details
000 -LEADER
fixed length control field 00957nam a2200241 a 4500
001 - CONTROL NUMBER
control field 84992
003 - CONTROL NUMBER IDENTIFIER
rucl marc code BD-RjUL
005 - DATE AND TIME OF LATEST TRANSACTION
control field 20250615165009.0
008 - FIXED-LENGTH DATA ELEMENTS--GENERAL INFORMATION
fixed length control field 250615s1997 bg ||||| |||| 00| 0 ben d
035 ## - SYSTEM CONTROL NUMBER
System control number (BD-RjUL)84992
040 ## - CATALOGING SOURCE
Original cataloging agency BD-RjUL
Language of cataloging eng
Transcribing agency BD-RjUL
041 ## - LANGUAGE CODE
Language code of text/sound track or separate title ben
082 ## - DEWEY DECIMAL CLASSIFICATION NUMBER
Edition number 23
Classification number 891.441092
Author mark and year BAR 1997
100 ## - MAIN ENTRY--PERSONAL NAME
Personal name বারী, মোহাম্মদ ইমরানুল
9 (RLIN) 15693
245 ## - TITLE STATEMENT
Title রকীব শাহ জীবন ও সাহিত্য /
Statement of responsibility, etc. মোহাম্মদ ইমরানুল বারী
260 ## - PUBLICATION, DISTRIBUTION, ETC. (IMPRINT)
Place of publication, distribution, etc. ঢাকা :
Name of publisher, distributor, etc. বনবীথি প্রকাশনী,
Date of publication, distribution, etc. ১৯৯৭
300 ## - PHYSICAL DESCRIPTION
Pagination ৬৪ পৃ.;
Size ২২ সেমি.
600 ## - SUBJECT ADDED ENTRY--PERSONAL NAME
Personal name শাহ, রকীব
Dates associated with a name ১৯০২-১৯৬৭
Personal name Sah, Rakib
Dates associated with a name 1902-1967
650 ## - SUBJECT ADDED ENTRY--TOPICAL TERM
Topical term or geographic name as entry element Poet, Bengali
Geographic subdivision Bangladesh
9 (RLIN) 15695
Topical term or geographic name as entry element কবি, বাঙালি
Geographic subdivision বাংলাদেশ
9 (RLIN) 15696
942 ## - ADDED ENTRY ELEMENTS (KOHA)
Source of classification or shelving scheme Dewey Decimal Classification
Koha item type Books
Holdings
Lost status Source of classification or shelving scheme Damaged status Not for loan Collection code Permanent Location Current Location Shelving location Date acquired Source of acquisition Total Checkouts Full call number Date last seen Copy number Koha item type
  Dewey Decimal Classification   Not For Loan Non-fiction Central Library, University of Rajshahi Central Library, University of Rajshahi Reading Room 28/05/2025 Raquib sha Research Center   B 891.441092 BAR 1997 15/06/2025 C-1 Books
  Dewey Decimal Classification     Non-fiction Central Library, University of Rajshahi Central Library, University of Rajshahi General Stacks 28/05/2025 Raquib sha Research Center   B 891.441092 BAR 1997 15/06/2025 C-2 Books
  Dewey Decimal Classification     Non-fiction Central Library, University of Rajshahi Central Library, University of Rajshahi General Stacks 28/05/2025 Raquib sha Research Center   B 891.441092 BAR 1997 15/06/2025 C-3 Books